Southville International School and Colleges
Your cart is empty.
  • Cart
  • Lists
    Public lists Eva Luna New books Lux_list list_1
    Your lists Log in to create your own lists
  • Log in to your account
  • Your cookies
  • Search history
Southville International School and Colleges
  • Advanced search
  • Recent comments
  • Most popular
  • Libraries

Log in to your account

Log in with GOOGLE


If you do not have an external account, but do have a local account, you can still log in:

  1. Home
  2. MARC view: Five little monkeys jumping on the bed /
Normal view MARC view ISBD view

Five little monkeys jumping on the bed / (Record no. 34549)

[ view plain ]
MARC details
000 -LEADER
fixed length control field 01316pam a2200373 a 4500
001 - CONTROL NUMBER
control field 1965408
003 - CONTROL NUMBER IDENTIFIER
control field OSt
005 - DATE AND TIME OF LATEST TRANSACTION
control field 20140310184448.0
008 - FIXED-LENGTH DATA ELEMENTS--GENERAL INFORMATION
fixed length control field 880705s1989 nyua j 000 0 eng
010 ## - LIBRARY OF CONGRESS CONTROL NUMBER
LC control number 88022839
020 ## - INTERNATIONAL STANDARD BOOK NUMBER
International Standard Book Number 059099459X
040 ## - CATALOGING SOURCE
Original cataloging agency DLC
Transcribing agency DLC
Modifying agency DLC
042 ## - AUTHENTICATION CODE
Authentication code lcac
050 00 - LIBRARY OF CONGRESS CALL NUMBER
Classification number PZ 8.3
Item number .C456Fi 1989
100 1# - MAIN ENTRY--PERSONAL NAME
Personal name Christelow, Eileen.
9 (RLIN) 27877
245 10 - TITLE STATEMENT
Title Five little monkeys jumping on the bed /
Statement of responsibility, etc retold and illustrated by Eileen Christelow.
260 ## - PUBLICATION, DISTRIBUTION, ETC. (IMPRINT)
Place of publication, distribution, etc New York :
Name of publisher, distributor, etc Clarion Books,
Date of publication, distribution, etc 1989
300 ## - PHYSICAL DESCRIPTION
Extent 32 p. :
Other physical details col. ill. ;
Dimensions 20 x 25 cm.
520 ## - SUMMARY, ETC.
Summary, etc A counting book in which one by one the little monkeys jump on the bed only to fall off and bump their heads.
521 ## - TARGET AUDIENCE NOTE
Target audience note
526 ## - STUDY PROGRAM INFORMATION NOTE
Reading level 310
562 ## - COPY AND VERSION IDENTIFICATION NOTE
Number of copies 1
650 #0 - SUBJECT ADDED ENTRY--TOPICAL TERM
Topical term or geographic name as entry element Nursery rhymes.
9 (RLIN) 21558
650 #0 - SUBJECT ADDED ENTRY--TOPICAL TERM
Topical term or geographic name as entry element Children's poetry.
9 (RLIN) 6783
650 #1 - SUBJECT ADDED ENTRY--TOPICAL TERM
Topical term or geographic name as entry element Nursery rhymes.
9 (RLIN) 21558
650 #1 - SUBJECT ADDED ENTRY--TOPICAL TERM
Topical term or geographic name as entry element Monkeys
General subdivision Poetry.
9 (RLIN) 27878
650 #1 - SUBJECT ADDED ENTRY--TOPICAL TERM
Topical term or geographic name as entry element Counting.
9 (RLIN) 11594
740 0# - ADDED ENTRY--UNCONTROLLED RELATED/ANALYTICAL TITLE
Uncontrolled related/analytical title 5 little monkeys jumping on the bed.
856 42 - ELECTRONIC LOCATION AND ACCESS
Materials specified Publisher description
Uniform Resource Identifier <a href="http://www.loc.gov/catdir/description/hm021/88022839.html">http://www.loc.gov/catdir/description/hm021/88022839.html</a>
856 42 - ELECTRONIC LOCATION AND ACCESS
Materials specified Contributor biographical information
Uniform Resource Identifier <a href="http://www.loc.gov/catdir/enhancements/fy0735/88022839-b.html">http://www.loc.gov/catdir/enhancements/fy0735/88022839-b.html</a>
906 ## - LOCAL DATA ELEMENT F, LDF (RLIN)
a 7
b cbc
c orignew
d 1
e ocip
f 19
g y-gencatlg
942 ## - ADDED ENTRY ELEMENTS (KOHA)
Source of classification or shelving scheme Library of Congress Classification
Koha item type
Holdings
Withdrawn status Lost status Source of classification or shelving scheme Damaged status Home library Current library Shelving location Date acquired Total Checkouts Full call number Barcode Date last seen Copy number Price effective from Koha item type
    Library of Congress Classification   Luxembourg Library Luxembourg Library Scholastic Reading Center Section 10/10/2013   PZ 8.3 .C456Fi 1989 LEX3092 04/18/2017 1 10/10/2013 Books

Five little monkeys jumping on the bed /

APA

Christelow E., . (1989). Five little monkeys jumping on the bed. New York: Clarion Books.

Chicago

Christelow Eileen, . 1989. Five little monkeys jumping on the bed. New York: Clarion Books.

Harvard

Christelow E., . (1989). Five little monkeys jumping on the bed. New York: Clarion Books.

MLA

Christelow Eileen, . Five little monkeys jumping on the bed. New York: Clarion Books. 1989.

  • Place hold
  • Print
  • Cite
  • Add to your cart (remove)
  • Save record
    BIBTEX Dublin Core MARCXML MARC (non-Unicode/MARC-8) MARC (Unicode/UTF-8) MARC (Unicode/UTF-8, Standard) MODS (XML) RIS
  • More searches
    Search for this title in:
    Other Libraries (WorldCat) Other Databases (Google Scholar) Online Stores (Bookfinder.com) Open Library (openlibrary.org)

Exporting to Dublin Core...

SOUTHVILLE LIBRARY

Southville International School and Colleges Library

1281 Tropical Ave. Cor. Luxembourg St., BF Homes International, Las Pinas City

Tel. No. 8256374 / 252358 Loc. 117/146

Powered by Koha